000 01189cam a22002891i 4500
003 SA-RiAUC
005 20240922145731.0
008 240919s2009____xxko g 00010 ara c
020 _a1900700107
040 _aKW-MaCRSK
_bara
_cSA-RiAUC
_erda
043 _aa-iq---
082 0 4 _a909.049
090 _a909.049
_bغ ن ي
100 1 _aغنيمة، يوسف رزق الله،
_d1885-1950
_eمؤلف.
245 1 0 _aنزهة المشتاق في تاريخ يهود العراق /
_cتأليف يوسف رزق الله غنيمة. معه، تاريخ يهود العراق في القرن العشرين / بقلم مير بصري.
250 _aالطبعة الثانية.
264 1 _aلندن :
_bدار الوراق للنشر،
_c1997
300 _a352 صفحة :
_bصور ؛
_c22 سم
336 _aنص
_btxt
_2rdacontent
_3كتاب
337 _aبدون وسيط
_bn
_2rdamedia
338 _aمجلد
_bnc
_2rdacarrier
650 7 _aاليهود
_zالعراق
_xتاريخ
_2aucsh
700 1 2 _aبصري، مير،
_d1911-2005
740 0 2 _aتاريخ يهود العراق في القرن العشرين.
942 _2ddc
_cBOOK
_n0
949 _aSA-JeALM
_d240919
_umohamedma123
_n1
999 _c485
_d485